000 00672nam a2200205Ia 4500
008 130821s1982 sp gr spa
020 _a84 261 5716 5
040 _aCo-BoUCM
_bspa
041 0 0 _aspa
100 1 _aCalderón de la Barca, Pedro
_9541
245 1 3 _aLa vida es sueño
_cPedro Calderón De La Barca
260 _aBarcelona (España)
_bEditorial Juventud, S.A.
_c1982
300 _a183 páginas
650 _aComedia española
_911177
650 _aLiteratura española
_97793
650 _aLiteratura europea
_926524
650 _aTeatro español
_ySiglo XVII
_9398
942 _cLIBRO
_a18
_e1
_mC146v
_2DEWEY
_h862.35
999 _c74076
_d74076